Вопросы нераспространения ядерных материалов при реализации проекта Брест-ОД-300; Энергетика: эффективность, надежность, безопасность; Т. 2

Dades bibliogràfiques
Parent link:Энергетика: эффективность, надежность, безопасность: материалы XX Всероссийской научно-технической конференции, 2-4 декабря 2014 г., Томск/ Национальный исследовательский Томский политехнический университет [и др.] ; ред. кол. В. В. Литвак [и др.].— , 2014
Т. 2.— 2014.— [С. 12-15]
Autor principal: Степанов Б. П. Борис Павлович
Autor corporatiu: Национальный исследовательский Томский политехнический университет (ТПУ) Физико-технический институт (ФТИ) Кафедра физико-энергетических установок (№ 21) (ФЭУ)
Altres autors: Шевелева А. А.
Sumari:Заглавие с титульного экрана
Idioma:rus
Publicat: 2014
Col·lecció:Проблемы ядерной энергетики
Matèries:
Accés en línia:http://earchive.tpu.ru/handle/11683/25596
http://www.lib.tpu.ru/fulltext/c/2014/C15/V2/004.pdf
Format: MixedMaterials Electrònic Capítol de llibre
KOHA link:https://koha.lib.tpu.ru/cgi-bin/koha/opac-detail.pl?biblionumber=610935

MARC

LEADER 00000naa2a2200000 4500
001 610935
005 20240209091134.0
035 |a (RuTPU)RU\TPU\conf\8577 
035 |a RU\TPU\conf\8575 
090 |a 610935 
100 |a 20150209d2014 k y0rusy50 ca 
101 0 |a rus 
102 |a RU 
105 |a y z 101zy 
135 |a drcn ---uucaa 
181 0 |a i  
182 0 |a b 
200 1 |a Вопросы нераспространения ядерных материалов при реализации проекта Брест-ОД-300  |f Б. П. Степанов, А. А. Шевелева 
203 |a Текст  |c электронный 
225 1 |a Проблемы ядерной энергетики 
300 |a Заглавие с титульного экрана 
320 |a [Библиогр.: с. 14-15 (8 назв.)] 
337 |a Adobe Reader 
461 1 |0 (RuTPU)RU\TPU\conf\8486  |t Энергетика: эффективность, надежность, безопасность  |o материалы XX Всероссийской научно-технической конференции, 2-4 декабря 2014 г., Томск  |o в 2 т.  |f Национальный исследовательский Томский политехнический университет [и др.] ; ред. кол. В. В. Литвак [и др.]  |d 2014 
463 0 |0 (RuTPU)RU\TPU\conf\8490  |t Т. 2  |v [С. 12-15]  |d 2014 
610 1 |a труды учёных ТПУ 
610 1 |a электронный ресурс 
610 1 |a ядерные материалы 
610 1 |a БРЕСТ-ОД-300 
610 1 |a энергетические потребности 
610 1 |a энергоэффективные технологии 
610 1 |a экологические условия 
700 1 |a Степанов  |b Б. П.  |c специалист в области атомной энергетики  |c доцент Томского политехнического университета, кандидат технических наук  |f 1960-  |g Борис Павлович  |3 (RuTPU)RU\TPU\pers\29389  |9 13970 
701 1 |a Шевелева  |b А. А. 
712 0 2 |a Национальный исследовательский Томский политехнический университет (ТПУ)  |b Физико-технический институт (ФТИ)  |b Кафедра физико-энергетических установок (№ 21) (ФЭУ)  |3 (RuTPU)RU\TPU\col\18730 
801 2 |a RU  |b 63413507  |c 20210419  |g RCR 
856 4 |u http://earchive.tpu.ru/handle/11683/25596 
856 4 |u http://www.lib.tpu.ru/fulltext/c/2014/C15/V2/004.pdf 
942 |c BK